Регионална библиотека "Любен Каравелов" - Русе

Наръчник на екскурзовода (Запис номер 170871)

MARC детайли
000 -Лидер
Контролно поле с фиксирана дължина nam a22 a 4500
003 - Код на организацията, давaща контролен номер
Контролно поле BLK
005 - Дата и час на последна редакция
Контролно поле 20221208143224.0
008 - Елементи от данни с фиксирана дължина
fixed length control field 180411b bul|||||r ||||||| ||bul||
040 ## - Източник на каталожния запис
Идентификатор на билиотеката - собственик на записа BLK
041 ## - Код за език
Код за езика на текст/звукозапис или на отделно заглавие Български
Код за езика КДБФ Български
080 ## - УДК
Текстов определител УДК География на България
УДК код - определител по УДК 913(497.2)
УДК определител (035)
УДК - код + определител 913(497.2)(035)
080 ## - УДК
Текстов определител УДК Туризмът от стопанско гледище. Политика по отношение на туризма. Икономика и организация на туризма. Вътрешен и международен туризъм. Вж и 379.8
УДК код - определител по УДК 338.48
УДК определител (497.2)(035)
УДК - код + определител 338.48(497.2)(035)
080 ## - УДК
Текстов определител УДК Забавно пътуване. Туризъм - пътуване пеша, с кола, колело, автобус, влак, параход, самолет, изкачване на планина, ездене и др. п.
УДК код - определител по УДК 379.85
УДК определител (035)
УДК - код + определител 379.85(035)
139 ## - Редно поле
Редна дума Наръчник на екскурзовода
245 10 - Сведения за заглавието
Заглавие Наръчник на екскурзовода
Подзаглавни данни Ч. 1 -
Редно поле (дума) авт. на том Светлин Стефанов Кираджиев.
Том Ч. 2
Заглавие на том Основни маршрути и туристически обекти в България
257 ## - Страна на издаване
Страна на създаване/издаване България
260 ## - Област на издателските данни
Място на издаване, разпространение и проч. София
Име на издателя, разпространителя и проч. Медицина и физкултура
Година на издаване 1980 -
Печатница Пловдив : печ. Д. Благоев
300 ## - Физическа характеристика
Размери/Мащаб 21 см
380 ## - Жанр
Жанр География
500 ## - Общи забележки
Забележка Изд. на Държ. к-т по туризъм.
650 #4 - Допълнително описание по предмет – тема
Основно описание – тема или топоним България - справочници
9 (RLIN) 269171
650 #4 - Допълнително описание по предмет – тема
Основно описание – тема или топоним България - пътеводители
9 (RLIN) 272126
700 1# - Други автори (авторска отговорност)
Лично име Кираджиев, Светлин Стефанов
Автороска отговорност (Описва отношението между автора и произведението) авт. на том
9 (RLIN) 382730
760 1# - Описание на основната серия
Място на издаване, издател и година София, 1980
Страници - том 315 с.
Забележка - том Други авт.: Ив. Бръмбаров, П. Станев, Ив. Минкова, М. Бъчваров, Б. Манев, отбелязани в съдърж. - Библиогр. с. 306-308 ; Азб. показалец.
Част - том Ч. 2 Основни маршрути и туристически обекти в България
Заглавие Наръчник на екскурзовода
852 ## - Местоположение
Форматна сигнатура Цб 106591
Фондова буква Хранилище
999 ## - СИСТЕМНИ КОНТРОЛНИ НОМЕРА
Koha biblionumber 170871
Koha biblioitemnumber 170871
942 ## - АРТИКУЛИ
Вид на библиотечния материал Книги
Скрит в OPAC Не
Периодичен библиозапис Да
944 ## - СЪЗДАВАНЕ И РЕДАКЦИЯ на ЗАПИСА
Създаване/Редакция Създаване
Дата на регистрацията/редакция 04.08.2015
Статус, дата на статуса ф /
Служител, извършил регистрацията/редакцията Людмила_Стоянова
944 ## - СЪЗДАВАНЕ И РЕДАКЦИЯ на ЗАПИСА
Създаване/Редакция Редакция
Дата на регистрацията/редакция 2022-12-08
Наличности
Код за отписване Код за изгубен артикул Източник на класификационната схема Код за повреда Коз за рестрикции Код за отдаване Артикулен № Име на библиотеката - собственик Име на библиотеката, в която се намира в момента Статус (Текущо местоположение) Дата на вписване в системата Местоположение - отдел Цена в лева Инвентарен номер Систематично азбучна сигнатура Баркод Номер на екземпляра Цена в евро Служебна бележка Служебен тип на артикула
  Не е изгубен Universal Decimal Classification Не е повреден без рестрикции ползва се в читалня 290008 Регионална библиотека "Любен Каравелов" Русе Регионална библиотека "Любен Каравелов" Русе Хранилище 1980-01-01 Хранилище 1.84 317368 Цб 106591 120000317368 1 0.94 Дост: Dp Вид: Д N: стар фонд Дата: 01.01.1980 Книги
Изтеглен Не е изгубен Universal Decimal Classification Не е повреден без рестрикции заемане за дома 290009 Регионална библиотека "Любен Каравелов" Русе Регионална библиотека "Любен Каравелов" Русе Заемна - подръчен фонд 1980-01-01 Заемна - подръчен фонд 1.84 325294 П 914.972/Н 26 325294 2 0.94 Дост: Pk Вид: Ф N: стар фонд Дата: 01.01.1980 Книги
Изтеглен Не е изгубен Universal Decimal Classification Не е повреден без рестрикции заемане за дома 290010 Регионална библиотека "Любен Каравелов" Русе Регионална библиотека "Любен Каравелов" Русе Детски отдел 1980-01-01 Детски отдел 1.84 328125 ДН 914.972/Н 26 328125 3 0.94 Дост: Pk Вид: Ф N: стар фонд Дата: 01.01.1980 Дата инв: 24.08.2015 Бележки инв: Д2015 Книги
Vip Innovations Ltd, Rousse, Bulgaria 2025